书目信息 |
| 书名: | Semantics = | |
| 作者: | John I. Saeed著 ; 吴一安导读. | |
| 分册号: | ||
| 分册名: | 出版地: | 北京 : |
|
| 出版社: | 外语教学与研究出版社 | |
| 出版时间: | 2000. | |
| 页数: | 50, 365 p. : | |
| 开本: | 23 cm. | |
| 丛书名: | 当代国外语言学与应用语言学文库 | |
| 中图分类号: | ||
| 科图分类号: | ||
| 其他分类号: | H030 | |
| 主题词: | ||
| 电子资源: | ||
| 000 | 02135nam a2200817 a 4500 | |
| 001 | E0737700807 | |
| 003 | CAL | |
| 005 | 20070819103218.34 | |
| 008 | 960412s2000 cc a b 001 0 eng d | |
| 020 | @a7560020046 :@cCNY34.90. | |
| 040 | @aECNU@cPUL | |
| 050 | 4 | @aP325@b.S2 1997 |
| 082 | 04 | @a401/.43@220 |
| 090 | @aH030 | |
| 093 | @aH030@24 | |
| 099 | @dH030@ex164 | |
| 100 | 1 | @aSaeed, John I. |
| 245 | 10 | @aSemantics = :@b语义学 / @cJohn I. Saeed著 ; 吴一安导读. |
| 246 | 31 | @a语义学 |
| 260 | @a北京 :@b外语教学与研究出版社 :@b布莱克韦尔出版社,@c2000. | |
| 300 | @a50, 365 p. :@bill. ;@c23 cm. | |
| 440 | 0 | @a当代国外语言学与应用语言学文库 |
| 500 | @a"Drafts of the book were used as course material in the Centre for Language and Communication Studies, Trinity College Dublin."--Pref. | |
| 500 | @aOriginally published: Cambridge : Blackwell Publishers, 1997. | |
| 504 | @aIncludes bibliographical references (p. [337]-353) and index. | |
| 650 | 0 | @aSemantics. |
| 920 | @a211410@z1 | |
| 920 | @a231220@z2 | |
| 920 | @a231010@z1 | |
| 920 | @a244050@z2 | |
| 920 | @a232010@z1 | |
| 920 | @a243160@z2 | |
| 920 | @a211030@z2 | |
| 920 | @a242020@z2 | |
| 920 | @a242250@z1 | |
| 920 | @a244020@z1 | |
| 920 | @a214010@z2 | |
| 920 | @a211010@z1 | |
| 920 | @a212010@z2 | |
| 920 | @a231280@z2 | |
| 920 | @a237010@z1 | |
| 920 | @a211050@z2 | |
| 920 | @a211230@z1 | |
| 920 | @a211060@z1 | |
| 920 | @a237385@z2 | |
| 920 | @a211260@z1 | |
| 920 | @a237020@z1 | |
| 920 | @a215010@z1 | |
| 920 | @a211162@z1 | |
| 920 | @a246060@z0 | |
| 920 | @a251430@z2 | |
| 920 | @a246010@z1 | |
| 920 | @a222220@z1 | |
| 920 | @a236010@z2 | |
| 920 | @a241061@z1 | |
| 920 | @a221020@z1 | |
| 920 | @a221060@z1 | |
| 920 | @a223140@z1 | |
| 920 | @a241420@z2 | |
| 920 | @a211270@z1 | |
| 920 | @a222020@z2 | |
| 920 | @a221010@z2 | |
| 920 | @a245010@z2 | |
| 920 | @a251050@z1 | |
| 920 | @a211340@z1 | |
| 920 | @a246040@z1 | |
| 920 | @a242010@z1 | |
| 920 | @a261020@z1 | |
| 920 | @a242120@z2 | |
| 920 | @a223010@z1 | |
| 998 | @aPUL | |
| Semantics = : : 语义学 / / John I. Saeed著 ; 吴一安导读.-北京 : : 外语教学与研究出版社 : : 布莱克韦尔出版社, , 2000. |
| 50, 365 p. : : ill. ; ; 23 cm.- (当代国外语言学与应用语言学文库) |
| "Drafts of the book were used as course material in the Centre for Language and Communication Studies, Trinity College Dublin."--Pref.-Originally published: Cambridge : Blackwell Publishers, 1997.-Includes bibliographical references (p. [337]-353) and index. |
| ISBN 7560020046 :CNY34.90. |
| ● |
| 相关链接 |
|
|
|
|
正题名:Semantics =
索取号:H030/x164
 
预约/预借
| 序号 | 登录号 | 条形码 | 馆藏地/架位号 | 状态 | 备注 |
| 1 | 0017063 | 300170632 | 第二样本阅览室/ [索取号:H030/x164] | 在馆 | |
| 2 | 0017064 | 300170641 | 第四借阅区/ [索取号:H030/x164] | 在馆 | |
| 3 | 0017065 | 300170650 | 第四借阅区/ [索取号:H030/x164] | 在馆 | |
| 4 | 0017066 | 300170669 | 第四借阅区/ [索取号:H030/x164] | 在馆 | |
| 5 | 0017067 | 300170678 | 第四借阅区/ [索取号:H030/x164] | 在馆 |